| Поле | Инд. | ПП | Название | Значение |
|---|---|---|---|---|
| Тип записи | a | |||
| Библиографический уровень | b | |||
| 001 | Контрольный номер | RU/IS/BASE/213373252 | ||
| 005 | Дата корректировки | 20200622194600.6 | ||
| 008 | Кодируемые данные | 20061005 | ||
| 040 | b | Код языка каталог. | rus | |
| e | Правила каталог. | PSBO | ||
| 041 | 0_ | a | Код языка текста | rus |
| 084 | a | Индекс другой классификации/Индекс ББК | 65.292.3(2Рос) | |
| 100 | 1_ | a | Автор | Галухина Я. С. |
| q | Полное имя | Галухина Яна Сергеевна | ||
| 245 | 10 | a | Заглавие | Российский крупный бизнес в 2000 - 2005 гг.: некоторые ключевые аспекты развития |
| 504 | a | Библиография | Лит. в конце статьи | |
| 650 | a | Основная рубрика | экономика | |
| a | Основная рубрика | экономика предприятия | ||
| 653 | 1_ | a | Ключевые слова | бизнес-группы |
| a | Ключевые слова | иностранные инвестиции | ||
| a | Ключевые слова | институциональные изменения | ||
| a | Ключевые слова | интегрированные бизнес-группы | ||
| a | Ключевые слова | интернационализация экономики | ||
| a | Ключевые слова | крупный бизнес | ||
| a | Ключевые слова | макроэкономика | ||
| a | Ключевые слова | мировой финансовый рынок | ||
| a | Ключевые слова | Россия | ||
| a | Ключевые слова | финансово-промышленные группы (ФПГ) | ||
| a | Ключевые слова | холдинги | ||
| a | Ключевые слова | экономическая интеграция | ||
| 700 | a | Автор | Паппэ Я. Ш. | |
| q | Полное имя | Паппэ Яков Шаявич | ||
| 773 | 0_ | t | Заглавие источника | Проблемы прогнозирования |
| d | Дата издания источника | 2006 | ||
| g | Прочая информация | № 4. - С. 64 - 79 : табл., диагр. | ||
| w | Контрольный № источника | RU/IS/BASE/207762247 | ||
| 901 | t | Тип документа | b |